|
|
|
|
| LEADER |
01727nam a2200469 a 4500 |
| 001 |
000440667 |
| 003 |
CZ BrMZK |
| 005 |
20260422075923.0 |
| 007 |
ta |
| 008 |
990315s1999 xr e cze d |
| 015 |
|
|
|a cnb000769180
|
| 020 |
|
|
|a 80-85991-13-6
|
| 035 |
|
|
|a (OCoLC)43613345
|
| 040 |
|
|
|a BOA001
|b cze
|
| 043 |
|
|
|a e-xr---
|b e-xr-jc
|2 czenas
|
| 045 |
|
|
|a x-x-
|
| 072 |
|
7 |
|a 629
|x Dopravní prostředky
|2 Konspekt
|9 19
|
| 080 |
|
|
|a 629.326
|2 MRF
|
| 080 |
|
|
|a 629.326:338.45
|2 MRF
|
| 080 |
|
|
|a 629(091)
|2 MRF
|
| 080 |
|
|
|a (437.319)
|2 MRF
|
| 080 |
|
|
|a (036)
|2 MRF
|
| 080 |
|
|
|a (084.12)
|2 MRF
|
| 100 |
1 |
|
|a Gomola, Miroslav
|7 jn20010309338
|4 aut
|
| 245 |
1 |
0 |
|a Motocykly ČZ, aneb, Strakonická historie /
|c Miroslav Gomola.
|
| 260 |
|
|
|a Brno :
|b AGM-Gomola,
|c 1999
|
| 300 |
|
|
|a 264 s. :
|b il. (některé barev.) ;
|c 30 cm
|
| 490 |
1 |
|
|a Historie motorových vozidel
|
| 610 |
2 |
7 |
|a ČZ Strakonice (firma)
|7 kn20040510003
|2 czenas
|
| 648 |
|
7 |
|a 20. století
|7 ch460558
|2 czenas
|
| 650 |
0 |
7 |
|a ČZ (motocykly)
|7 ph312590
|2 czenas
|
| 650 |
0 |
7 |
|a motocyklový průmysl
|7 ph137727
|z Česko
|y 20. stol.
|2 czenas
|
| 650 |
0 |
7 |
|a dějiny dopravních prostředků
|7 ph499542
|z Česko
|y 20. stol.
|2 czenas
|
| 651 |
|
7 |
|a Strakonice (Česko)
|7 ge130962
|2 czenas
|
| 655 |
|
7 |
|a informační publikace
|7 fd132454
|2 czenas
|
| 655 |
|
7 |
|a fotografické publikace
|7 fd132276
|2 czenas
|
| 830 |
|
0 |
|a Historie motorových vozidel
|0 s
|
| 910 |
|
|
|a BOA001
|b 4-1064.024
|b TK-A-0265.099
|
| 920 |
|
|
|a 000212915
|
| 990 |
|
|
|a BK
|
| 996 |
6 |
|
|b 2610101555
|c 4-1064.024
|l MZK
|r Sklad / do 1 hodiny
|n 10
|p p.v.
|w 000440667
|u 000010
|a 1
|e BOA001
|j MZK50
|s P
|
| 996 |
6 |
|
|b 2620014829
|c TK-A-0265.099
|l MZK
|r Sklad / do 24 hodin
|n 4
|p kup
|w 000440667
|u 000020
|a 1
|e BOA001
|j MZK50
|s P
|